Normal view MARC view
  • Isabel

Entry Nombre Personal

Number of records used in: 1

001 - NUMERO DE CONTROL

  • campo de control: 46785

003 - IDENTIFICADOR DE NUMERO DE CONTROL

  • campo de control: UPN

005 - FECHA Y HORA DE LA ÜLTIMA TRANSACCIÓN

  • campo de control: 20220926185441.0

008 - DATOS DE LONGITUD FIJA

  • campo de control de longitud fija: 220926nn acannaabn n aaa d

040 ## - FUENTE DE CATALOGACIÓN

  • Lenguaje de catalogación: SPA
  • Agencia de transcripción: UPN
  • Agencia original de catalogación: UPN

100 0# - ENCABEZAMIENTO - NOMBRE PERSONAL

  • Nombre personal: Isabel
  • Numeración: II,
  • Títulos u otras palabras asociadas al nombre: Reina de España,
  • Fechas asociadas con el nombre: 1830-1904

670 ## - FUENTE EN LA QUE SE LOCALIZARON DATOS

  • Cita de la fuente: LC
  • Información localizada: Isabella II, Queen of Spain, 1830-1904

902 ## - CATALOGADOR

  • Catalogador: CAA/260922